1194 1798 1187 1039 1720 1539 1656 1033 1121 1337 1878 1438 1595 1495 1780 1619 1973 1870 1991 1775 1468 1973 1575 1605 1098 1615 1622 1121 1846 1728 1749 1600 1764 1881 1379 1465 1970 1971 1443 1241 1518 1517 1910 1357 1254 1381 1433 1724 1450 1952 1260 1677 1854 1775 1222 1839 1873 1882 1994 1537 1324 1249 1899 1955 1578 1178 1323 1067 1501 1474 1859 1465 1669 1513 1585 1909 1968 1668 1131 1215 1529 1547 1248 1028 1457 1474 1817 1045 1285 1147 1608 1781 1215 1442 1070 1055 1051 1452 1217 BCNSPRNW ULIB Ver.6.0+V

เปลี่ยนเป็นภาษาไทย

Change to English
 แสดงรายละเอียดบรรณานุกรม
  กลับหน้าหลัก

Brief Record : Get Marc (ISO 2709) : E-mail record : QR code < ปิดหน้าต่าง
LEADER : 00000nam 2200000uu 4500
001    13399122525
003     ULIB
008    130717s2554||||th 000 0 tha d
020    ^a9789744175946
050  4 ^aCS1254^bศ64
110 2  ^aกรมศิลปากร.
245 10 ^aราชสกุลวงศ์ /^cกรมศิลปากร.
250    ^aพิมพ์ครั้งที่ 14
260    ^aกรุงเทพฯ :^bสำนักวรรณกรรมและประวัติศาสตร์ กรมศิลปากร,^c2554
300    ^a282 หน้า ;^c29 ซม. +^eซีดี-รอม 1 แผ่น.
500 คณ ^aะกรรมการฝ่ายประมวลเอกสารและจดหมายเหตุในคณะกรรมการอำนวยการจัดงานเฉลิมพระเกียรติพระบาทสมเด็จพระเจ้าอยู่หัวเนื่องในโอกาสพระราชพิธีมหามงคลเฉลิมพระชนมพรรษา 7 รอบ 5 ธันวาคม2554
650  7 ^aราชสกุล^zไทย^yสมัยรัตนโกสินทร์.
710 2  ^aกรมศิลปากร.^bสำนักวรรณกรรมและประวัติศาสตร์.
945    ^p0^l0^i19977
999    ^aทศพร เกษรทอง
รายการนี้ยังไม่มีแท็ก
คุณยังไม่ได้ล็อกอิน คุณสามารถมีกิจกรรมร่วมกับเว็บไซต์ได้ แต่ต้องล็อกอินก่อน ::
  ล็อกอิน

รายการสื่อสารสนเทศ

ลำดับที่ ประเภท เลขเรียก/บาร์โค้ด สถานที่ สถานะ
1. การศึกษาทั่วไป
การศึกษาทั่วไป
CS1254 ศ64 ฉ.1 
  Barcode: 19977
ห้องสมุดวิทยาเขตสวรรค์ประชารักษ์
►หนังสือทั่วไป
บนชั้น

BibComment


ยังไม่เคยถูกคอมเมนท์

คอมเมนท์ทรัพยากรรายการนี้
  คอมเมนท์: ราชสกุลวงศ์ กรม..


 Copyright 2026. Bcnsprnw @Library